[Event "OHS 2019"]
[Site "?"]
[Date "2019.01.28"]
[Round "1.1"]
[White "Steinke, Hans-Jörg"]
[Black "Quast, Marcel"]
[Result "0-1"]
[WhiteElo "1784"]
[BlackElo "2222"]
[PlyCount "54"]
[EventDate "2019.??.??"]
[WhiteTeam "SV Datteln 1924"]
[BlackTeam "SC Gerthe 46 - Werne"]

1. d4 Nf6 2. c4 e6 3. Nf3 b6 4. g3 Ba6 5. b3 Bb4+ 6. Bd2 Be7 7. Nc3 d5 8. cxd5
exd5 9. Bg2 Nbd7 10. O-O Rc8 11. Re1 O-O 12. Rc1 h6 13. e4 Ba3 14. Rb1 dxe4 15.
Nxe4 Nxe4 16. Rxe4 Bd3 17. Re3 Bxb1 18. b4 Bxa2 19. Rxa3 Bd5 20. Rxa7 Ra8 21.
Rxa8 Qxa8 22. Bf4 Qc6 23. Ne5 Nxe5 24. Bxd5 Qxd5 25. Bxe5 c5 26. bxc5 bxc5 27.
Qg4 f6 0-1

[Event "OHS 2019"]
[Site "?"]
[Date "2019.01.28"]
[Round "1.2"]
[White "Kiese, Matthias"]
[Black "Engelmann, Chris"]
[Result "1-0"]
[WhiteElo "2220"]
[BlackElo "1788"]
[PlyCount "59"]
[EventDate "2019.??.??"]
[WhiteTeam "Bochumer SV 02"]
[BlackTeam "SV Unser Fritz Wanne-E"]

1. d4 d5 2. Nf3 Nf6 3. c4 e6 4. Nc3 c6 5. cxd5 exd5 6. Bg5 Nbd7 7. e3 Bd6 8.
Bd3 Qc7 9. Qc2 O-O 10. O-O Re8 11. Rfc1 Qb8 12. Rab1 h6 13. Bh4 g5 14. Bg3 Bxg3
15. hxg3 Kg7 16. b4 b6 17. b5 c5 18. dxc5 Nxc5 19. Nd4 Nfe4 20. Nxd5 Bb7 21.
Bxe4 Rxe4 22. Nb4 h5 23. Rd1 Kg8 24. Nbc6 Bxc6 25. Nxc6 Qc7 26. Rd5 Rg4 27. Ne5
Ra4 28. Nd7 Qd8 29. Rbd1 Qe7 30. Nxc5 1-0

[Event "OHS 2019"]
[Site "?"]
[Date "2019.01.28"]
[Round "1.3"]
[White "Demond, Ricardo"]
[Black "Ribbeheger, Edgar"]
[Result "0-1"]
[WhiteElo "1686"]
[BlackElo "2054"]
[PlyCount "72"]
[EventDate "2019.??.??"]
[WhiteTeam "SC Buer-Hassel 1919 e.V."]
[BlackTeam "SK Sodingen/Castrop 24/23 e.V."]

1. e4 c6 2. d4 d6 3. Nf3 Qc7 4. Bd3 e5 5. dxe5 dxe5 6. O-O Be7 7. b3 Nf6 8. Bb2
Nbd7 9. Na3 b5 10. c4 b4 11. Nc2 Rb8 12. Ne3 g6 13. Qc2 O-O 14. a4 a5 15. Rac1
Re8 16. h3 Bc5 17. Qe2 Nh5 18. g3 f6 19. Kg2 Nf8 20. Kh2 Ne6 21. Rfd1 Qg7 22.
Ng4 Rb7 23. Bb1 Nd4 24. Nxd4 exd4 25. Qd2 Rd8 26. Kg2 Be6 27. Nh6+ Kh8 28. g4
g5 29. Nf5 Bxf5 30. gxh5 Be6 31. Bd3 Qd7 32. Rh1 Qe8 33. Be2 Bf7 34. Qd1 Qxe4+
35. Bf3 Qe6 36. Re1 Qd6 0-1

[Event "OHS 2019"]
[Site "?"]
[Date "2019.01.28"]
[Round "1.4"]
[White "Hammerich, Simon"]
[Black "Ponto, Michael"]
[Result "1-0"]
[WhiteElo "1994"]
[BlackElo "1742"]
[PlyCount "57"]
[EventDate "2019.??.??"]
[WhiteTeam "SF Gelsenkirchen 2002"]
[BlackTeam "SV Horst-Emscher 31"]

1. e4 c5 2. Nf3 Nc6 3. Bb5 a6 4. Bxc6 bxc6 5. O-O Nf6 6. e5 Nd5 7. c4 Nb6 8. b3
d5 9. exd6 exd6 10. Re1+ Be7 11. Qe2 Be6 12. d4 O-O 13. dxc5 dxc5 14. Bb2 Bf6
15. Bxf6 Qxf6 16. Nbd2 Bf5 17. Ne4 Qe7 18. h3 h6 19. Ng3 Qxe2 20. Rxe2 Be6 21.
Ne5 Rfe8 22. Nxc6 Rac8 23. Ne5 f6 24. Ng6 Kf7 25. Nf4 Bd7 26. Rae1 Rxe2 27.
Rxe2 Re8 28. Rxe8 Bxe8 29. Nd3 1-0

[Event "OHS 2019"]
[Site "?"]
[Date "2019.01.28"]
[Round "1.5"]
[White "Gausmann, Thomas"]
[Black "Wiechen, Ulrich"]
[Result "0-1"]
[WhiteElo "1563"]
[BlackElo "2156"]
[PlyCount "38"]
[EventDate "2019.??.??"]
[WhiteTeam "SG Bochum 1931"]
[BlackTeam "SC Buer-Hassel 1919 e.V."]

1. e4 e6 2. d4 d5 3. exd5 exd5 4. Nf3 Nf6 5. Bd3 Bg4 6. O-O Nc6 7. c3 Be7 8.
Bf4 Nh5 9. Be3 Qd7 10. Nbd2 g5 11. Re1 O-O-O 12. Bb5 f6 13. Qa4 Kb8 14. Bxc6
bxc6 15. Bxg5 Bxf3 16. Nxf3 Rhg8 17. Bh4 Rxg2+ 18. Kxg2 Nf4+ 19. Kh1 Qh3 0-1

[Event "OHS 2019"]
[Site "?"]
[Date "2019.01.28"]
[Round "1.6"]
[White "Arndt, Olaf"]
[Black "Bacaksiz, Bilal"]
[Result "1/2-1/2"]
[WhiteElo "1967"]
[BlackElo "1638"]
[PlyCount "51"]
[EventDate "2019.??.??"]
[WhiteTeam "SV Horst-Emscher 31"]
[BlackTeam "SF Springer Bochum 19"]

1. e4 c6 2. d4 d5 3. exd5 cxd5 4. Bd3 Nc6 5. c3 Qc7 6. Nf3 Bg4 7. O-O e6 8. Bg5
Bd6 9. h3 Bh5 10. Nbd2 Nge7 11. Re1 O-O 12. Qc2 Bg6 13. Nf1 Nb4 14. cxb4 Qxc2
15. Bxc2 Bxc2 16. Ne3 Be4 17. Nd2 Nc6 18. Nxe4 dxe4 19. Nc2 Nxb4 20. Nxb4 Bxb4
21. Rxe4 Ba5 22. d5 exd5 23. Re5 f6 24. Rxd5 Bb6 25. Bf4 Rfd8 26. Rad1 1/2-1/2

[Event "OHS 2019"]
[Site "?"]
[Date "2019.01.28"]
[Round "1.7"]
[White "Dreckmann, Günter"]
[Black "Schmidt, Ralph"]
[Result "1/2-1/2"]
[WhiteElo "1605"]
[BlackElo "1971"]
[PlyCount "62"]
[EventDate "2019.??.??"]
[WhiteTeam "SV Königsspringer Halt"]
[BlackTeam "SV Bochum-Linden-Dahlh"]

1. Nf3 Nc6 2. d4 d6 3. b3 Bf5 4. a3 e5 5. e3 Nf6 6. d5 Ne7 7. c4 Ng6 8. Bb2 Be7
9. Nc3 O-O 10. Bd3 e4 11. Nd4 Ne5 12. Bc2 Bg6 13. Qd2 Re8 14. O-O-O a5 15. f4
exf3 16. gxf3 Nfd7 17. f4 Bxc2 18. Qxc2 Ng6 19. Qf5 Nc5 20. Rhg1 Bf6 21. b4
axb4 22. axb4 Bxd4 23. exd4 Na4 24. Qg4 Qh4 25. f5 Nxc3 26. Bxc3 Re4 27. Qf3
Qf4+ 28. Qxf4 Nxf4 29. Rge1 Rae8 30. Rxe4 Rxe4 31. Kc2 Kf8 1/2-1/2

[Event "OHS 2019"]
[Site "?"]
[Date "2019.01.28"]
[Round "1.8"]
[White "Peters, Georg"]
[Black "Tolksdorf, Jürgen"]
[Result "1-0"]
[WhiteElo "1854"]
[BlackElo "1582"]
[PlyCount "95"]
[EventDate "2019.??.??"]
[WhiteTeam "SK Xanten e.V."]
[BlackTeam "SG Höntrop 1947"]

1. e4 e5 2. Nf3 Nc6 3. Nc3 Nf6 4. d4 exd4 5. Nxd4 Bb4 6. Nxc6 bxc6 7. Bd3 O-O
8. O-O d5 9. exd5 cxd5 10. h3 Bb7 11. Bg5 h6 12. Bh4 Be7 13. Re1 Re8 14. a3 a6
15. b4 Ne4 16. Bxe7 Rxe7 17. Nxe4 dxe4 18. Bc4 Rd7 19. Qg4 Rd6 20. Rad1 Qf6 21.
Rxd6 cxd6 22. Qd7 Rc8 23. Bb3 Qc3 24. Qxf7+ Kh8 25. Re3 Qc7 26. Qxc7 Rxc7 27.
Rg3 g5 28. h4 gxh4 29. Rg6 Kh7 30. Rxd6 Rg7 31. Bd5 Bxd5 32. Rxd5 h3 33. g3 e3
34. Rd3 exf2+ 35. Kxf2 Rf7+ 36. Kg1 Re7 37. c4 Re2 38. Rc3 Kg6 39. c5 Kf5 40.
c6 Re8 41. c7 Rc8 42. Kh2 Ke6 43. Kxh3 Kd7 44. Kh4 Rxc7 45. Rxc7+ Kxc7 46. Kh5
Kc6 47. a4 Kd5 48. Kxh6 1-0

[Event "OHS 2019"]
[Site "?"]
[Date "2019.01.28"]
[Round "1.9"]
[White "Eibl, Rüdiger"]
[Black "Melmer, Felix"]
[Result "1/2-1/2"]
[WhiteElo "1662"]
[BlackElo "2031"]
[PlyCount "47"]
[EventDate "2019.??.??"]
[WhiteTeam "SC Buer-Hassel 1919 e.V."]
[BlackTeam "SC Gerthe 46 - Werne"]

1. d4 d5 2. Bf4 Nf6 3. e3 g6 4. c3 Bg7 5. Nd2 Nbd7 6. Ngf3 c5 7. Be2 O-O 8. h3
a6 9. a4 b6 10. O-O Bb7 11. b4 Ne4 12. Nxe4 dxe4 13. Ne5 Nxe5 14. dxe5 Qc8 15.
Qb3 Rd8 16. Rfd1 Qc6 17. b5 axb5 18. Bxb5 Qc8 19. Rxd8+ Qxd8 20. Rd1 Qf8 21.
Rd7 Bc8 22. Rd2 Be6 23. c4 Qc8 24. Qc2 1/2-1/2

[Event "OHS 2019"]
[Site "?"]
[Date "2019.01.28"]
[Round "1.10"]
[White "Löffelbein, Klaus"]
[Black "Ritter, Wolfgang"]
[Result "1-0"]
[WhiteElo "2002"]
[BlackElo "1558"]
[PlyCount "38"]
[EventDate "2019.??.??"]
[WhiteTeam "SC Gerthe 46 - Werne"]
[BlackTeam "SG Drewer 54 e.V"]

1. d4 d5 2. c4 Nf6 3. cxd5 Nxd5 4. e4 Nb6 5. Nc3 e6 6. Nf3 Bb4 7. a3 Bxc3+ 8.
bxc3 O-O 9. Bd3 N8d7 10. O-O c5 11. e5 Nd5 12. Bxh7+ Kh8 13. Bc2 f5 14. Ng5 Qe8
15. Qf3 Qg6 16. Qh3+ Kg8 17. Bd1 cxd4 18. Bh5 Qh6 19. Nf7 f4 1-0

[Event "OHS 2019"]
[Site "?"]
[Date "2019.01.28"]
[Round "1.11"]
[White "Illner, Jan"]
[Black "Funke, Eckhard"]
[Result "0-1"]
[WhiteElo "1608"]
[BlackElo "1867"]
[PlyCount "48"]
[EventDate "2019.??.??"]
[WhiteTeam "SG Bochum 1931"]
[BlackTeam "SV Günnigfeld 1922 e.V"]

1. e4 c5 2. Nf3 d6 3. d4 cxd4 4. Nxd4 Nf6 5. Nc3 a6 6. Bc4 e6 7. O-O Be7 8. Be3
O-O 9. a4 b6 10. f3 Bb7 11. Nde2 Qc7 12. Bb3 Nc6 13. Nf4 Rab8 14. Bxe6 Nb4 15.
Bb3 d5 16. Nfxd5 Nbxd5 17. Nxd5 Bxd5 18. exd5 Bd6 19. f4 Rfe8 20. Qf3 Rxe3 21.
Qd1 Rbe8 22. g3 Re2 23. Qd3 Bc5+ 24. Kh1 Ng4 0-1

[Event "OHS 2019"]
[Site "?"]
[Date "2019.01.28"]
[Round "1.13"]
[White "Bialas, Jan-Philip"]
[Black "Sehrbrock, Christoph"]
[Result "1-0"]
[WhiteElo "1518"]
[BlackElo "1970"]
[PlyCount "67"]
[EventDate "2019.??.??"]
[WhiteTeam "SV Datteln 1924"]
[BlackTeam "SV Waltrop 1922 e.V."]

1. d4 Nf6 2. Nf3 c5 3. Bf4 cxd4 4. c3 dxc3 5. Nxc3 d6 6. Rc1 Nc6 7. e4 g6 8.
Bb5 Bg7 9. e5 Nh5 10. Qd2 Nxf4 11. Qxf4 O-O 12. Bxc6 bxc6 13. Rd1 d5 14. Nd4
Qc7 15. Qe3 e6 16. O-O Bxe5 17. Nxc6 Bxh2+ 18. Kh1 Bd6 19. Nd4 a6 20. g3 Re8
21. Kg2 Bb7 22. Rh1 e5 23. Rxh7 Kf8 24. Qh6+ Ke7 25. Qg5+ Kd7 26. Rxf7+ Re7 27.
Qg4+ Ke8 28. Rxe7+ Qxe7 29. Qxg6+ Kd7 30. Qf5+ Kc7 31. Ne6+ Kb6 32. Nxd5+ Ka7
33. Kf1 Rh8 34. Nxe7 1-0

[Event "OHS 2019"]
[Site "?"]
[Date "2019.01.28"]
[Round "1.14"]
[White "Gritzan, Ulrich"]
[Black "Böcher, Joachim"]
[Result "1-0"]
[WhiteElo "1793"]
[BlackElo "1506"]
[PlyCount "45"]
[EventDate "2019.??.??"]
[WhiteTeam "SF Gelsenkirchen 2002"]
[BlackTeam "SG Höntrop 1947"]

1. c4 e5 2. Nc3 Nf6 3. Nf3 d6 4. d4 exd4 5. Nxd4 Be7 6. g3 O-O 7. Bg2 Nbd7 8.
O-O h6 9. h3 Nh7 10. Nd5 Bf6 11. Be3 a6 12. Rc1 Nc5 13. b4 Ne6 14. Nxf6+ Nxf6
15. Qd2 Nxd4 16. Bxd4 c6 17. Rfd1 Ne8 18. e4 Qc7 19. e5 b6 20. exd6 Qxd6 21.
Bxb6 Qxd2 22. Rxd2 Nf6 23. Bc5 1-0

[Event "OHS 2019"]
[Site "?"]
[Date "2019.01.28"]
[Round "1.15"]
[White "Buchhop, Rainer"]
[Black "Müller-Kreth, Kai"]
[Result "0-1"]
[WhiteElo "1491"]
[BlackElo "1775"]
[PlyCount "72"]
[EventDate "2019.??.??"]
[WhiteTeam "SV Unser Fritz Wanne-E"]
[BlackTeam "SK Sodingen/Castrop 24/23 e.V."]

1. Nf3 d5 2. c4 d4 3. b4 g6 4. a4 Bg7 5. d3 e5 6. g3 Ne7 7. Bg2 O-O 8. O-O h6
9. Ba3 c6 10. Nbd2 Be6 11. Ne4 Nd7 12. b5 Rc8 13. bxc6 bxc6 14. Qd2 c5 15. Rfb1
f5 16. Nd6 Rb8 17. a5 a6 18. Ne1 Qc7 19. Nb7 e4 20. Nxc5 Nxc5 21. Qc2 exd3 22.
exd3 Rxb1 23. Rxb1 Qxa5 24. Bxc5 Qxc5 25. Qa4 Bc8 26. Nf3 f4 27. Re1 fxg3 28.
hxg3 Nf5 29. Nd2 Nd6 30. Bd5+ Kh7 31. Ne4 Nxe4 32. Rxe4 Bf5 33. Re8 Bxd3 34.
Rxf8 Qxf8 35. Qxa6 Bf5 36. Kg2 d3 0-1

[Event "OHS 2019"]
[Site "?"]
[Date "2019.01.28"]
[Round "1.16"]
[White "Kowalczyk, Frank"]
[Black "Kümmel, Hans-Jürgen"]
[Result "1-0"]
[WhiteElo "1748"]
[BlackElo "1579"]
[PlyCount "73"]
[EventDate "2019.??.??"]
[WhiteTeam "SK Sodingen/Castrop 24/23 e.V."]
[BlackTeam "SV Günnigfeld 1922 e.V"]

1. e4 d6 2. d4 g6 3. Nc3 Bg7 4. Be3 e6 5. Qd2 Ne7 6. Bh6 O-O 7. O-O-O Nd7 8.
Bxg7 Kxg7 9. f3 a6 10. g4 b5 11. h4 Rh8 12. h5 Bb7 13. Nge2 Nb6 14. Ng3 Kf8 15.
hxg6 Nxg6 16. Qh6+ Ke7 17. Nh5 Kd7 18. Bd3 Kc8 19. Rhf1 Kb8 20. Qe3 Qe7 21. g5
Ka7 22. Ne2 Rac8 23. Kb1 Ka8 24. Rg1 d5 25. e5 Nc4 26. Bxc4 dxc4 27. c3 Bd5 28.
Neg3 Rb8 29. Ne4 Bxe4+ 30. Qxe4+ Ka7 31. d5 exd5 32. Rxd5 Rhd8 33. Qd4+ Ka8 34.
Rd1 Rxd5 35. Qxd5+ Ka7 36. f4 Kb6 37. Nf6 1-0

[Event "OHS 2019"]
[Site "?"]
[Date "2019.01.28"]
[Round "1.17"]
[White "Bock, Oswin"]
[Black "Sikorski, Thomas"]
[Result "1/2-1/2"]
[WhiteElo "1368"]
[BlackElo "1806"]
[PlyCount "52"]
[EventDate "2019.??.??"]
[WhiteTeam "SG Höntrop 1947"]
[BlackTeam "SF Essen-Katernberg 0"]

1. Nf3 c6 2. g3 d6 3. Bg2 e5 4. d3 Be7 5. Nc3 Qc7 6. O-O d5 7. a3 d4 8. Ne4 f5
9. Ned2 Nf6 10. c3 c5 11. Nc4 Nc6 12. Bg5 O-O 13. Re1 h6 14. Bd2 e4 15. Nh4 g5
16. Ng6 Re8 17. Nxe7+ Rxe7 18. b4 b5 19. Na5 Nxa5 20. bxa5 Bb7 21. cxd4 cxd4
22. Qb3+ Bd5 23. Qxb5 Rb8 24. Qa4 Bb3 25. Qxd4 Kf7 26. Bb4 Rd7 1/2-1/2

[Event "OHS 2019"]
[Site "?"]
[Date "2019.01.28"]
[Round "1.18"]
[White "Rath, Michael"]
[Black "Schulz, Robin"]
[Result "1-0"]
[WhiteElo "1797"]
[BlackElo "1496"]
[PlyCount "59"]
[EventDate "2019.??.??"]
[WhiteTeam "SV Königsspringer Halt"]
[BlackTeam "SC Gerthe 46 - Werne"]

1. d4 d6 2. Nf3 Nf6 3. Bf4 Nbd7 4. e3 g6 5. Nbd2 Bg7 6. c3 b6 7. Qb3 O-O 8. a4
Bb7 9. a5 c5 10. Be2 Rc8 11. O-O d5 12. axb6 c4 13. Qb4 axb6 14. Ra7 Bc6 15. h3
Re8 16. Qa3 Nh5 17. Bh2 e5 18. dxe5 Nxe5 19. Ra1 Bf8 20. Qa6 f6 21. Nd4 Ng7 22.
N2f3 Bd6 23. Nxe5 fxe5 24. Nxc6 Rxc6 25. Bg4 Rf8 26. Qb5 Rc5 27. Qd7 Qf6 28.
Be6+ Kh8 29. f3 Qxe6 30. Qxg7# 1-0

[Event "OHS 2019"]
[Site "?"]
[Date "2019.01.28"]
[Round "1.19"]
[White "Heinz, Hans-Werner"]
[Black "Neumann, Alfred"]
[Result "0-1"]
[WhiteElo "1349"]
[BlackElo "1725"]
[PlyCount "115"]
[EventDate "2019.??.??"]
[WhiteTeam "SC Recklinghausen Altsta"]
[BlackTeam "SV Datteln 1924"]

1. e4 e5 2. Nc3 Bc5 3. Nf3 d6 4. a3 a5 5. d3 Nf6 6. h3 Be6 7. Be2 Nc6 8. O-O h6
9. Nh2 Nd4 10. Be3 Qd7 11. Ng4 Nxe2+ 12. Qxe2 Nxg4 13. hxg4 Bxg4 14. f3 Bxe3+
15. Qxe3 Be6 16. Rf2 g5 17. Nd5 Bxd5 18. exd5 Kf8 19. g4 Re8 20. Rg2 Qe7 21.
Re1 Qf6 22. c3 h5 23. Rh2 h4 24. Rh3 b6 25. d4 Kg7 26. Qd2 exd4 27. Rxe8 Rxe8
28. cxd4 Qe7 29. Kf2 f6 30. f4 a4 31. fxg5 fxg5 32. Rf3 Rf8 33. Rxf8 Qxf8+ 34.
Kg2 Qf4 35. Qe2 Qxd4 36. Qe7+ Kg6 37. Qe8+ Kg7 38. Qe7+ Kh6 39. Qe6+ Kh7 40.
Qf5+ Kg8 41. Qe6+ Kf8 42. Qc8+ Kg7 43. Qd7+ Kg6 44. Qe8+ Kh7 45. Qe7+ Qg7 46.
Qe4+ Kh6 47. Qe6+ Qg6 48. Qe2 Qf7 49. Qe4 Kg7 50. Qd4+ Kf8 51. Qe4 Qe7 52. Qf5+
Kg7 53. Qd3 Qe5 54. Qd2 Qe4+ 55. Kh3 Qf3+ 56. Kh2 Qf4+ 57. Qxf4 gxf4 58. Kg2
0-1

[Event "OHS 2019"]
[Site "?"]
[Date "2019.01.28"]
[Round "1.20"]
[White "Kleinert, Andreas"]
[Black "Schmidt, Rolf-Günther"]
[Result "1-0"]
[WhiteElo "1845"]
[BlackElo "1208"]
[PlyCount "79"]
[EventDate "2019.??.??"]
[WhiteTeam "SF Gelsenkirchen 2002"]
[BlackTeam "Recklinghäuser Schachgemeinschaf"]

1. c4 g5 2. d3 h6 3. Nc3 Bg7 4. e4 d6 5. g3 e5 6. Bg2 Nc6 7. Nge2 Nf6 8. Be3 a6
9. h3 Qe7 10. Qd2 Bd7 11. Rb1 O-O 12. O-O Na7 13. d4 c6 14. Rbd1 Rfd8 15. Qc2
Nh7 16. g4 b5 17. b3 b4 18. Na4 c5 19. Nb6 Rab8 20. dxc5 dxc5 21. Rxd7 Rxd7 22.
Nxd7 Qxd7 23. Bxc5 Nc6 24. Rd1 Nd4 25. Nxd4 exd4 26. Qd2 Rd8 27. Bxb4 Nf8 28.
Bxf8 Kxf8 29. b4 d3 30. Bf1 Bd4 31. Kg2 Qe6 32. Bxd3 Qd6 33. c5 Qf4 34. Qxf4
gxf4 35. Bxa6 Ra8 36. Rxd4 Rxa6 37. Rd2 Ra3 38. c6 f3+ 39. Kg3 Rc3 40. b5 1-0

[Event "OHS 2019"]
[Site "?"]
[Date "2019.01.28"]
[Round "1.21"]
[White "Schulz, Wolfgang"]
[Black "Schicktanz, Florian"]
[Result "0-1"]
[WhiteElo "1426"]
[BlackElo "1767"]
[PlyCount "89"]
[EventDate "2019.??.??"]
[WhiteTeam "SC Gerthe 46 - Werne"]
[BlackTeam "SV Erkenschwick 1923 e"]

1. d4 f5 2. Nf3 Nf6 3. Nc3 e6 4. a3 b6 5. Bf4 Bb7 6. e3 Be7 7. Nb5 Nd5 8. Qd3
Nxf4 9. exf4 c6 10. Nc3 Ba6 11. Qd1 Bxf1 12. Rxf1 O-O 13. Ne5 Bf6 14. Qe2 d6
15. Nf3 Re8 16. O-O-O a5 17. Qd3 b5 18. Ne2 Qb6 19. Ng3 b4 20. a4 Nd7 21. Rfe1
Rab8 22. Nh5 b3 23. c3 d5 24. Nxf6+ Nxf6 25. Ng5 Ne4 26. Re2 c5 27. Qh3 Nxg5
28. fxg5 Qc6 29. Qh4 Qxa4 30. Kd2 cxd4 31. Qxd4 Qxd4+ 32. cxd4 Rbc8 33. Ke1 Kf7
34. f4 Rc6 35. Re3 a4 36. Ra1 Rc4 37. Rd3 Rec8 38. Rc3 Rxc3 39. bxc3 b2 40. Rb1
a3 41. Kd2 a2 42. Rxb2 a1=Q 43. Kc2 Qe1 44. Rb7+ Kg6 45. c4 0-1

[Event "OHS 2019"]
[Site "?"]
[Date "2019.02.04"]
[Round "2.1"]
[White "Quast, Marcel"]
[Black "Gritzan, Ulrich"]
[Result "1-0"]
[WhiteElo "2222"]
[BlackElo "1793"]
[PlyCount "43"]
[EventDate "2019.??.??"]
[WhiteTeam "SC Gerthe 46 - Werne"]
[BlackTeam "SF Gelsenkirchen 2002"]

1. e4 e6 2. d4 d5 3. Nd2 c5 4. Ngf3 Nc6 5. exd5 exd5 6. Be2 Bd6 7. dxc5 Bxc5 8.
Nb3 Bb6 9. O-O Nge7 10. Bf4 O-O 11. Nfd4 Nf5 12. c3 Nfxd4 13. cxd4 Qf6 14. Be3
Bf5 15. Rc1 Rfe8 16. Nc5 Re7 17. Qa4 Rc8 18. Bf3 Be4 19. Bxe4 dxe4 20. d5 Ne5
21. Nxe4 Qf5 22. Nd6 1-0

[Event "OHS 2019"]
[Site "?"]
[Date "2019.02.04"]
[Round "2.2"]
[White "Funke, Eckhard"]
[Black "Kiese, Matthias"]
[Result "0-1"]
[WhiteElo "1867"]
[BlackElo "2220"]
[PlyCount "100"]
[EventDate "2019.??.??"]
[WhiteTeam "SV Günnigfeld 1922 e.V"]
[BlackTeam "Bochumer SV 02"]

1. d4 d5 2. c4 e6 3. cxd5 exd5 4. Nc3 Nf6 5. Bg5 Be7 6. e3 c6 7. Qc2 Nbd7 8.
Bd3 O-O 9. Nf3 Re8 10. O-O g6 11. Rab1 Nh5 12. Bxe7 Qxe7 13. b4 a6 14. a4 Nb6
15. Ne2 Bg4 16. Ne5 Bxe2 17. Bxe2 Nf6 18. Bd3 Nfd7 19. Nf3 Nf6 20. Qb3 Ne4 21.
Rb2 Nd6 22. Nd2 Rec8 23. Rc1 Kg7 24. Rbc2 h5 25. h3 g5 26. b5 cxb5 27. Rxc8
Rxc8 28. Rxc8 Ndxc8 29. axb5 a5 30. e4 dxe4 31. Bxe4 Nd6 32. Bf3 Qe1+ 33. Nf1
a4 34. Qd3 h4 35. Qd2 Qxd2 36. Nxd2 Nxb5 37. Bxb7 Nxd4 38. Nb1 Nc2 39. Be4 a3
40. Nc3 Nb4 41. Bb1 N6d5 42. Nb5 a2 43. Bxa2 Nxa2 44. Nd4 Nac3 45. g3 hxg3 46.
fxg3 Kf6 47. Kf2 Ke5 48. Nf3+ Kf5 49. g4+ Kf4 50. h4 Ne4+ 0-1

[Event "OHS 2019"]
[Site "?"]
[Date "2019.02.04"]
[Round "2.3"]
[White "Ribbeheger, Edgar"]
[Black "Kowalczyk, Frank"]
[Result "1-0"]
[WhiteElo "2054"]
[BlackElo "1748"]
[PlyCount "75"]
[EventDate "2019.??.??"]
[WhiteTeam "SK Sodingen/Castrop 24/23 e.V."]
[BlackTeam "SK Sodingen/Castrop 24/23 e.V."]

1. c4 e5 2. Nc3 g6 3. g3 Bg7 4. Bg2 c6 5. d3 d6 6. Nf3 Nf6 7. O-O O-O 8. Rb1 h6
9. b4 Re8 10. b5 d5 11. bxc6 bxc6 12. Nd2 Be6 13. Qa4 Nbd7 14. Ba3 Qc7 15. Rfc1
Nb6 16. Qa5 dxc4 17. dxc4 Rac8 18. Qa6 Red8 19. Nce4 Nxe4 20. Nxe4 f5 21. Nc5
Bf7 22. Nb7 Rd7 23. Nd6 Rb8 24. c5 Nd5 25. Rxb8+ Qxb8 26. Qxc6 Rc7 27. Qa4 e4
28. Nxf7 Rxf7 29. Qc4 Nc7 30. Rd1 Qe8 31. e3 Be5 32. c6 Kg7 33. Bf1 Kh7 34. Bd6
Kg7 35. Qc5 Bxd6 36. Rxd6 Re7 37. Qd4+ Kh7 38. Rd8 1-0

[Event "OHS 2019"]
[Site "?"]
[Date "2019.02.04"]
[Round "2.4"]
[White "Müller-Kreth, Kai"]
[Black "Hammerich, Simon"]
[Result "0-1"]
[WhiteElo "1775"]
[BlackElo "1994"]
[PlyCount "81"]
[EventDate "2019.??.??"]
[WhiteTeam "SK Sodingen/Castrop 24/23 e.V."]
[BlackTeam "SF Gelsenkirchen 2002"]

1. e4 e5 2. Nf3 Nc6 3. d4 exd4 4. Nxd4 Nf6 5. Nxc6 bxc6 6. Bd3 d5 7. Qe2 Be6 8.
Bg5 Be7 9. Nd2 O-O 10. O-O Re8 11. e5 Ng4 12. Bxe7 Qxe7 13. h3 Nh6 14. f4 Bf5
15. Nf3 f6 16. Rfe1 fxe5 17. Nxe5 Qf6 18. Qf2 Bxd3 19. cxd3 Nf7 20. d4 Nd6 21.
Rac1 Ne4 22. Qe3 Re6 23. Rc2 Rae8 24. g3 c5 25. dxc5 c6 26. Kg2 Kh8 27. Qf3 g5
28. Rf1 gxf4 29. gxf4 Rg8+ 30. Kh2 Rg3 31. Qh5 Re7 32. Re2 Qg7 33. Nxc6 Re6 34.
Ne5 Nf6 35. Nf7+ Kg8 36. Nh6+ Kh8 37. Nf7+ Kg8 38. Nh6+ Kf8 39. Ng4 Rxe2+ 40.
Kxg3 Nxh5+ 41. Kf3 0-1

[Event "OHS 2019"]
[Site "?"]
[Date "2019.02.04"]
[Round "2.5"]
[White "Wiechen, Ulrich"]
[Black "Kleinert, Andreas"]
[Result "1-0"]
[WhiteElo "2156"]
[BlackElo "1845"]
[PlyCount "49"]
[EventDate "2019.??.??"]
[WhiteTeam "SC Buer-Hassel 1919 e.V."]
[BlackTeam "SF Gelsenkirchen 2002"]

1. e4 d6 2. d4 Nf6 3. Nc3 e5 4. Be3 Nbd7 5. Nf3 Be7 6. h3 c6 7. g4 O-O 8. g5
Ne8 9. Rg1 b5 10. Qd2 Qa5 11. h4 Bb7 12. Bh3 Rd8 13. Bxd7 Rxd7 14. dxe5 b4 15.
Ne2 c5 16. Ng3 Bc6 17. Qc1 Nc7 18. c4 bxc3 19. Qxc3 Qxc3+ 20. bxc3 Rb8 21. Nf5
Bf8 22. exd6 Ne6 23. Ne5 Bxe4 24. Nxd7 Bxd6 25. Nxd6 1-0

[Event "OHS 2019"]
[Site "?"]
[Date "2019.02.04"]
[Round "2.6"]
[White "Neumann, Alfred"]
[Black "Peters, Georg"]
[Result "0-1"]
[WhiteElo "1725"]
[BlackElo "1854"]
[PlyCount "83"]
[EventDate "2019.??.??"]
[WhiteTeam "SV Datteln 1924"]
[BlackTeam "SK Xanten e.V."]

1. e4 e5 2. Nf3 Nc6 3. Bc4 Bc5 4. c3 Nf6 5. d4 exd4 6. e5 d5 7. exf6 dxc4 8.
O-O gxf6 9. Re1+ Be6 10. cxd4 Bxd4 11. Nxd4 Qxd4 12. Nc3 Qxd1 13. Rxd1 a6 14.
Bf4 Ne5 15. Ne4 Ke7 16. Bxe5 fxe5 17. Re1 Rhd8 18. Rac1 c6 19. Nc5 Rd2 20. Rxe5
Rxb2 21. f4 Kd6 22. Nxe6 fxe6 23. Rd1+ Kc7 24. Rxe6 c3 25. Re7+ Kb6 26. Re3 c2
27. Rc1 Rd8 28. Ree1 Rxa2 29. f5 Rf8 30. Rf1 Kc7 31. g4 Ra4 32. h3 Rc4 33. Kg2
b5 34. Rf2 a5 35. Rfxc2 Rxc2+ 36. Rxc2 a4 37. Kf3 b4 38. Ke3 b3 39. Rb2 Rb8 40.
f6 a3 41. Rf2 a2 42. f7 0-1

[Event "OHS 2019"]
[Site "?"]
[Date "2019.02.04"]
[Round "2.7"]
[White "Schicktanz, Florian"]
[Black "Löffelbein, Klaus"]
[Result "1/2-1/2"]
[WhiteElo "1767"]
[BlackElo "2002"]
[PlyCount "80"]
[EventDate "2019.??.??"]
[WhiteTeam "SV Erkenschwick 1923 e"]
[BlackTeam "SC Gerthe 46 - Werne"]

1. c4 c5 2. g3 Nf6 3. Bg2 e6 4. Nc3 Nc6 5. d3 Be7 6. Nf3 O-O 7. e4 d6 8. O-O a6
9. a3 Rb8 10. d4 cxd4 11. Nxd4 Nxd4 12. Qxd4 Nd7 13. Be3 Qc7 14. f4 Nc5 15. Qd1
Bf6 16. Kh1 Rd8 17. Rc1 b6 18. f5 Qe7 19. b4 Nd7 20. Bf4 Ne5 21. fxe6 fxe6 22.
Ne2 Ng6 23. Be3 Bd7 24. Qb3 Ne5 25. b5 a5 26. Nd4 Kh8 27. Nf3 Ng4 28. Bg1 h5
29. h3 Ne5 30. Nxe5 Bxe5 31. Rf3 Be8 32. Rcf1 Bg6 33. Qe3 Bf6 34. Qe2 Rdc8 35.
Bf2 Bf7 36. Rc1 Qf8 37. Rd3 Be5 38. Bf3 g6 39. Bd4 Qg7 40. Qb2 Bxd4 1/2-1/2

[Event "OHS 2019"]
[Site "?"]
[Date "2019.02.04"]
[Round "2.8"]
[White "Schmidt, Ralph"]
[Black "Bialas, Jan-Philip"]
[Result "0-1"]
[WhiteElo "1971"]
[BlackElo "1518"]
[PlyCount "44"]
[EventDate "2019.??.??"]
[WhiteTeam "SV Bochum-Linden-Dahlh"]
[BlackTeam "SV Datteln 1924"]

1. e4 e5 2. Nf3 Nc6 3. Bc4 Bc5 4. c3 Nf6 5. d3 d5 6. Bb5 Bg4 7. exd5 Qxd5 8.
Bc4 Qd7 9. Qe2 Bxf3 10. gxf3 O-O-O 11. b4 Bxb4 12. cxb4 Nd4 13. Qd1 Qf5 14. Be3
Nxf3+ 15. Ke2 Nd4+ 16. Bxd4 Rxd4 17. f3 Re8 18. Nc3 Qf4 19. Nb5 Rd7 20. Qd2 Qf5
21. Raf1 e4 22. Kd1 exd3 23. h4 h6 24. Qc3 Re2 25. Nd4 Qe5 26. Bxd3 Rxd4 27.
Qxd4 Qxd4 28. Kxe2 Nh5 29. Bf5+ Kb8 30. Re1 Ng3# 0-1